000 00534nam a2200193Ia 4500
999 _c16340
_d16340
003 OSt
005 20200606115911.0
008 190216s9999||||xx |||||||||||||| ||und||
020 _a8186209336
040 _cMESKC library
082 _a891.433
_bSHI/B
100 _aShishir, Karmendu
_9145
245 0 _aBahut Lambi Raah /
_cKarmendu Shishir
260 _bSambhavana Prakashan,
_aHapur:
_c2003.
300 _a238p
500 _aNovel
650 _aHindi
942 _cBK
_2ddc
_h891.433
_iSHI/B
_k891.433
_mSHI/B